The Answer is a Film Title II Quiz Stats

 Plays Quiz Updated Nov 2, 2014

Challenge
Share
Tweet
Embed
Score 0/18 Timer 04:00
2 Plays Today
% Correct
Ghost
96%
Cats and Dogs
93.9%
Cars
92.6%
The Red Shoes
92%
The Razor's Edge
90.7%
Oklahoma!
90.4%
The King's Speech
87.2%
The Lost Boys
86.6%
Bridesmaids
85.4%
% Correct
Elf
84%
Munich
83.6%
Beauty and the Beast
81.4%
The Sound of Music
80.8%
The Odd Couple
80.2%
The Godfather
79.3%
Dumb and Dumber
75.2%
The Landlord
73.2%
The Princess and the Frog
70.5%

You're not logged in!

Compare scores with friends on all Sporcle quizzes.
OR
Log In

You Might Also Like...

Show Comments

Extras

Top Quizzes Today


Score Distribution

Your Account Isn't Verified!

In order to create a playlist on Sporcle, you need to verify the email address you used during registration. Go to your Sporcle Settings to finish the process.

Report this User

Report this user for behavior that violates our Community Guidelines.

Details: